[Event "Aragon-ch Seniors 65+"]
[Site "Zaragoza"]
[Date "2018.05.06"]
[Round "3"]
[White "Pardo Rego, Venancio"]
[Black "Fuentes Diaz, Jose"]
[Result "0-1"]
[WhiteElo "1491"]
[BlackElo "1347"]
[PlyCount "44"]
[EventDate "2018.04.21"]
[EventType "swiss"]
[EventRounds "8"]
[EventCountry "ESP"]
[SourceTitle "EXT 2020"]
[Source "ChessBase"]
[SourceDate "2019.10.17"]
[SourceVersion "1"]
[SourceVersionDate "2019.10.17"]
[SourceQuality "1"]

1. d4 d5 2. Nf3 e6 3. Bf4 Nd7 4. e3 Ngf6 5. Bd3 c5 6. dxc5 Nxc5 7. Bb5+ Bd7 8. Bxd7+ Qxd7 9. 0-0 g6 10. Qd4 Qe7 11. Be5 Ncd7 12. Nc3 Nxe5 13. Nxe5 Bg7 14. Qa4+ Nd7 15. Qxd7+ Qxd7 16. Nxd7 Kxd7 17. Na4 Rac8 18. Rab1 b6 19. b3 Rxc2 20. Rfc1 Rhc8 21. Rxc2 Rxc2 22. Rd1 b5 0-1